Dont Say Yes When You Want To Say No (Record no. 302406)

MARC details
000 -LEADER
fixed length control field 00403nam a2200157Ia 4500
008 - FIXED-LENGTH DATA ELEMENTS--GENERAL INFORMATION
fixed length control field 230718s9999 xx 000 0 und d
041 ## - LANGUAGE CODE
Language code of text/sound track or separate title eng
082 ## - DEWEY DECIMAL CLASSIFICATION NUMBER
Item number FEN
100 ## - MAIN ENTRY--PERSONAL NAME
Personal name Fensterheim
9 (RLIN) 136648
245 ## - TITLE STATEMENT
Title Dont Say Yes When You Want To Say No
260 ## - PUBLICATION, DISTRIBUTION, ETC. (IMPRINT)
Date of publication, distribution, etc. 1978
Name of publisher, distributor, etc. Dell Book
300 ## - PHYSICAL DESCRIPTION
Extent 304
365 ## - TRADE PRICE
Currency code Rs.
Price amount 250.00
700 ## - ADDED ENTRY--PERSONAL NAME
Personal name Fensterheim
9 (RLIN) 136648
906 ## - LOCAL DATA ELEMENT F, LDF (RLIN)
d B:214918-Oct-2001
c ARCHIT
b 37.5
Holdings
Withdrawn status Lost status Damaged status Not for loan Home library Current library Date acquired Vendor Budget Code Cost, normal purchase price Bill number Barcode Date last seen Discount Cost, replacement price Bill Date Koha item type Original Barcode
Withdrawn       Cummins College of Engineering for Women Pune Cummins College of Engineering for Women Pune 31/10/2001 Technical Book Services ARCHIT 212.50 2149 CCEP-BK-13613 18/07/2023 37.5 250.00 18/10/2001 Books 013613